000 00987nam a2200265 i 4500
001 128828
003 ES-MaACL
005 20250731202603.0
007 t|
008 070528s1936 fr ||||1| fre d
100 1 _aTasset-Nissolle, Elisabeth.
_9109370
245 1 0 _aConquérantes. [Elisabeth Fry, Florence Barclay, Joséphine Butler, Catherine Booth, Emmeline Pankhurst, Katherine Mansfield, Renée de Benoit] /
_cElisabeth Tasset-Nissolle.
260 _aParís :
_b[s.n.],
_c1936 (
_fEditions "Je sers")
300 _a250 p. :
_bretr. ;
_c19 cm.
650 0 7 _aMujeres y religión
_2embne
_915350
700 1 _aFry, Elisabeth.
_952784
700 1 _aBarclay, Florence.
_925554
700 1 _aButler, Josephine Elisabeth,
_d1828-1906
_932946
700 1 _aBooth, Catherine.
_930329
700 1 _aPankhurst, Emmeline.
_988798
700 1 _aMansfield, Katherine.
_976116
700 1 _aBenoit, Renée de.
_927759
852 _aES-MaACL
_jA-4403
999 _c128828
_d128828